Statistics for Marvel Superhero Team A-Z

Click here to take the quiz!

General Stats

  • This quiz has been taken 23 times
  • The average score is 10 of 23

Answer Stats

Answer% Correct
Avengers
100%
Big Hero 6
90%
Fantastic Four
90%
X-Men
86%
Guardians of the Galaxy
76%
Inhumans/Inhuman Royal Family
67%
Young Avengers
67%
Defenders
62%
S.H.I.E.L.D.
48%
West Coast Avengers
48%
Runaways
38%
Heroes for Hire
33%
Valkyrior
33%
Champions
29%
Power Pack
29%
Thunderbolts
24%
Ultimates
24%
Exiles
14%
New Warriors
14%
Lady Liberators
10%
Micronauts
10%
Knights of Wundagore
5%
Order
5%

Score Distribution

Percentile by Number Answered

Percent of People with Each Score

Your Score History

You have not taken this quiz